| 000 | 00448 a2200169 4500 | ||
|---|---|---|---|
| 005 | 20250422163807.0 | ||
| 020 | _a81-259-1852-3 | ||
| 082 | _a657.48 MAH | ||
| 100 | _aMAHESHWARI, S. N. | ||
| 245 | _aFinancial Accounting. | ||
| 250 | _a4th Ed. | ||
| 260 |
_aNew Delhi, _bVikas, _c2005. |
||
| 300 |
_axx, 1210p.: ill.; _c25cm |
||
| 700 | _aMAHESHWARI, S. K. | ||
| 856 |
_yAccess Online Book _fAccounting _dwww.vikaspublishing.com |
||
| 942 |
_2ddc _cBKS |
||
| 999 |
_c1617 _d1617 |
||